| 000 | 01173nam a22003497a 4500 | ||
|---|---|---|---|
| 003 | CHAP | ||
| 005 | 20220817042412.0 | ||
| 008 | 971013s1992 r 00010 d | ||
| 010 | _a43572 | ||
| 011 | _a44544 | ||
| 035 | _a48682 | ||
| 040 | _cCHAP | ||
| 082 |
_a333.091724 _bD6 |
||
| 100 | 0 | 0 |
_aDudley, Nigel _eed. _934388 |
| 245 |
_aLand in life _b: land reform and sustainable agriculture |
||
| 260 |
_aLondon : _bIntermediate Technology, _c1992 |
||
| 300 | _a155 p. | ||
| 590 |
_aBATCH-UPD _b10 _c20130110 _lUCH01 _h0059 |
||
| 590 |
_aBATCH-UPD _b10 _c20130110 _lUCH01 _h1007 |
||
| 590 |
_aBATCH-UPD _b10 _c20130409 _lUCH01 _h2049 |
||
| 590 |
_aBATCH-UPD _b10 _c20130410 _lUCH01 _h0617 |
||
| 590 |
_aBATCH-UPD _b10 _c20130913 _lUCH01 _h2218 |
||
| 590 |
_aCONVERSION _b10 _c20130109 _lUCH01 _h1324 |
||
| 650 | 1 | 4 | _aAgricultura sustentable. |
| 650 | 1 | 4 |
_aReforma agraria _xPaíses subdesarrollados. _995579 |
| 650 | 1 | 4 |
_aTierras _xTenencia _xPaíses subdesarrollados. _9113190 |
| 700 | 0 |
_aMadeley, John. _969591 |
|
| 700 | 0 |
_aStolton, Sue. _9109875 |
|
| 901 | _aBK | ||
| 942 | _cLIBRO | ||
| 949 |
_a333.091724 D6 _bBC _cLIBRO _d33724000009411 _eLIBRO _gI.c/e _h89236 _i48682 _si _t61.30 |
||
| 999 |
_c43572 _d43572 |
||